Countries that eat the most Lamb - Statistics

General Stats
  • This quiz has been taken 76 times
  • The average score is 8 of 15
Answer Stats
Consumption in Kg (per capita) Countries % Correct
5.00 kg United Kingdom
90%
12.00 kg Australia
79%
3.75 kg Iran
76%
4.00 kg Turkey
76%
3.75 kg France
72%
21.00 kg New Zealand
72%
13.00 kg Greece
71%
3.75 kg South Africa
56%
8.00 kg Algeria
49%
46.00 kg Mongolia
49%
26.00 kg Turkmenistan
32%
23.00 kg Iceland
28%
6.00 kg Tajikistan
28%
14.00 kg Kuwait
25%
6.00 kg Namibia
15%
No matching quizzes found
Score Distribution
Percent of People with Each Score
Percentile by Number Answered
Your Score History
You have not taken this quiz